<?xml version="1.0" encoding="UTF-8"?><?xml-stylesheet type="text/xsl" href="static/style.xsl"?><OAI-PMH xmlns="http://www.openarchives.org/OAI/2.0/" xmlns:xsi="http://www.w3.org/2001/XMLSchema-instance" xsi:schemaLocation="http://www.openarchives.org/OAI/2.0/ http://www.openarchives.org/OAI/2.0/OAI-PMH.xsd"><responseDate>2026-04-13T02:11:27Z</responseDate><request verb="GetRecord" identifier="oai:www.recercat.cat:11351/9133" metadataPrefix="marc">https://recercat.cat/oai/request</request><GetRecord><record><header><identifier>oai:recercat.cat:11351/9133</identifier><datestamp>2025-10-24T10:20:12Z</datestamp><setSpec>com_2072_378070</setSpec><setSpec>com_2072_378040</setSpec><setSpec>col_2072_378092</setSpec></header><metadata><record xmlns="http://www.loc.gov/MARC21/slim" xmlns:dcterms="http://purl.org/dc/terms/" xmlns:xsi="http://www.w3.org/2001/XMLSchema-instance" xmlns:doc="http://www.lyncode.com/xoai" xsi:schemaLocation="http://www.loc.gov/MARC21/slim http://www.loc.gov/standards/marcxml/schema/MARC21slim.xsd">
   <leader>00925njm 22002777a 4500</leader>
   <datafield ind2=" " ind1=" " tag="042">
      <subfield code="a">dc</subfield>
   </datafield>
   <datafield ind2=" " ind1=" " tag="720">
      <subfield code="a">de Castro Carpeno, Javier</subfield>
      <subfield code="e">author</subfield>
   </datafield>
   <datafield ind2=" " ind1=" " tag="720">
      <subfield code="a">Collado-Borell, Roberto</subfield>
      <subfield code="e">author</subfield>
   </datafield>
   <datafield ind2=" " ind1=" " tag="720">
      <subfield code="a">Martínez Marti, Alexandre</subfield>
      <subfield code="e">author</subfield>
   </datafield>
   <datafield ind2=" " ind1=" " tag="720">
      <subfield code="a">Fernández Díaz, Elena</subfield>
      <subfield code="e">author</subfield>
   </datafield>
   <datafield ind2=" " ind1=" " tag="720">
      <subfield code="a">Insa, Amelia</subfield>
      <subfield code="e">author</subfield>
   </datafield>
   <datafield ind2=" " ind1=" " tag="720">
      <subfield code="a">Escudero-Vilaplana, Vicente</subfield>
      <subfield code="e">author</subfield>
   </datafield>
   <datafield ind2=" " ind1=" " tag="260">
      <subfield code="c">2023-03-09T10:52:15Z</subfield>
   </datafield>
   <datafield ind2=" " ind1=" " tag="260">
      <subfield code="c">2023-03-09T10:52:15Z</subfield>
   </datafield>
   <datafield ind2=" " ind1=" " tag="260">
      <subfield code="c">2023-02-21</subfield>
   </datafield>
   <datafield ind2=" " ind1=" " tag="520">
      <subfield code="a">Early-stage NSCLC; Economic burden; Metastatic relapse</subfield>
   </datafield>
   <datafield ind2=" " ind1=" " tag="520">
      <subfield code="a">NSCLC en fase inicial; Carga económica; Recaída metastásica</subfield>
   </datafield>
   <datafield ind2=" " ind1=" " tag="520">
      <subfield code="a">NSCLC en fase inicial; Càrrega econòmica; Recaiguda metastàtica</subfield>
   </datafield>
   <datafield ind2=" " ind1=" " tag="520">
      <subfield code="a">Background&#xd;
There are scarce data of the costs of non-small cell lung cancer (NSCLC) recurrence in Spain. The objective of this study is to assess the economic burden of disease recurrence, for both locoregional and/or metastatic relapses, after appropriate early-stage NSCLC treatment in Spain.&#xd;
Materials and methods&#xd;
A two-round consensus panel of Spanish oncologists and hospital pharmacists was conducted to collect information on patient’s flow, treatments, use of healthcare resources and sick leaves in patients with relapsed NSCLC. A decision-tree model was developed to calculate the economic burden of disease recurrence after appropriate early-stage NSCLC. Both direct and indirect costs were considered. Direct costs included drug acquisition and healthcare resources costs. Indirect costs were estimated using the human-capital approach. Unit costs were obtained from national databases (euros of 2022). A multi-way sensitivity analysis was performed to provide a range to the mean values.&#xd;
Results&#xd;
Among a cohort of 100 patients with relapsed NSCLC, 45 patients would have locoregional relapse (36.3 would eventually progress to metastasis and 8.7 would be considered in remission) and 55 patients would have metastatic relapse. Over time, 91.3 patients would experience a metastatic relapse (55 as first relapse and 36.6 after previous locoregional relapse). The overall cost incurred by the 100-patients cohort is €10,095,846 (€9,336,782 direct costs, €795,064 indirect costs). The average cost of a locoregional relapse is €25,194 (€19,658 direct costs, €5536 indirect costs), while the average cost a patient with metastasis who receives up to 4 lines of treatment is €127,167 (€117,328 direct, €9839 indirect).&#xd;
Conclusions&#xd;
To our knowledge, this is the first study that specifically quantifies the cost of relapse in NSCLC in Spain. Our findings shown that the overall cost of a relapse after appropriate treatment of early-stage NSCLC patients is substantial, and it increases considerably in the metastatic relapse setting, mainly due to the high cost and long duration of first-line treatments.</subfield>
   </datafield>
   <datafield ind2=" " ind1=" " tag="520">
      <subfield code="a">This work was supported by Roche Farma S.A. Roche Farma S.A played no role in the design of the study and collection, analysis, and interpretation of data and in writing the manuscript.</subfield>
   </datafield>
   <datafield ind1="8" ind2=" " tag="024">
      <subfield code="a">http://hdl.handle.net/11351/9133</subfield>
   </datafield>
   <datafield tag="653" ind2=" " ind1=" ">
      <subfield code="a">Pulmons - Càncer</subfield>
   </datafield>
   <datafield tag="653" ind2=" " ind1=" ">
      <subfield code="a">Assistència sanitària - Cost</subfield>
   </datafield>
   <datafield tag="653" ind2=" " ind1=" ">
      <subfield code="a">DISEASES::Neoplasms::Neoplasms by Site::Thoracic Neoplasms::Respiratory Tract Neoplasms::Lung Neoplasms::Bronchial Neoplasms::Carcinoma, Bronchogenic::Carcinoma, Non-Small-Cell Lung</subfield>
   </datafield>
   <datafield tag="653" ind2=" " ind1=" ">
      <subfield code="a">HEALTH CARE::Health Care Economics and Organizations::Economics::Costs and Cost Analysis::Cost of Illness</subfield>
   </datafield>
   <datafield tag="653" ind2=" " ind1=" ">
      <subfield code="a">ENFERMEDADES::neoplasias::neoplasias por localización::neoplasias torácicas::neoplasias del tracto respiratorio::neoplasias pulmonares::neoplasias de los bronquios::carcinoma broncogénico::carcinoma de pulmón de células no pequeñas</subfield>
   </datafield>
   <datafield tag="653" ind2=" " ind1=" ">
      <subfield code="a">ATENCIÓN DE SALUD::economía y organizaciones para la atención de la salud::economía::costes y análisis de costes::coste de las enfermedades</subfield>
   </datafield>
   <datafield ind2="0" ind1="0" tag="245">
      <subfield code="a">Economic burden of locoregional and metastatic relapses in resectable early-stage non-small cell lung cancer in Spain</subfield>
   </datafield>
</record></metadata></record></GetRecord></OAI-PMH>